00906cam a22002411 4500001001300000003000400013005001700017008004100034010001700075035001900092040002700111042001200138050002100150051003700171110005600208245021300264260004100477300002700518650002500545650002300570710005400593999001700647ca 10004984 DLC20260227111054.0790601s1877 cau 000 0 eng  aca 10004984  a(OCoLC)5025401 aDLCcCLobSdOCoLCdDLC apremarc00aJV6875 1877b.C5 aYA 17179cCopy no. undetermined.2 aChinese Consolidated Benevolent Association, Calif.10aMemorial of the Six Chinese companies.bAn address to the Senate and House of Representatives of the United States. Testimony of California's leading citizens before the Joint Special Congressional Committee. aSan Francisco,b[Alta Print.]c1877. a1 p. l., 53 p.c23 cm. 0aChinesezCalifornia. 0aLaborzCalifornia.2 aYA Pamphlet Collection (Library of Congress)5DLC c14396d14396